[Event "Corus-B"]
[Site "Wijk aan Zee"]
[Date "2005.01.17"]
[Round "3"]
[White "Kosteniuk, Alexandra"]
[Black "Mamedyarov, Shakhriyar"]
[Result "0-1"]
[WhiteElo "2490"]
[BlackElo "2657"]
[Annotator "Ftacnik,L"]
[PlyCount "66"]
[EventDate "2005.01.15"]
[EventType "tourn"]
[EventRounds "13"]
[EventCountry "NED"]
[EventCategory "13"]
[SourceTitle "CBM 105"]
[Source "ChessBase"]
[SourceDate "2005.04.11"]
[SourceVersion "1"]
[SourceVersionDate "2005.04.11"]
[SourceQuality "1"]

1. Nf3 Nf6 2. c4 c6 3. d4 d5 4. e3 g6 5. Nc3 Bg7 6. Be2 O-O 7. O-O a6 8. a4 a5
9. Ne5 {The position is well known without the pawns located on a4 and a5
squares.} Be6 (9... Na6 10. f4 Nb4 11. b3 Bf5 12. Nd3 Bxd3 13. Bxd3 c5 14. Nb5
cxd4 15. exd4 dxc4 16. bxc4 Ne8 17. Bb2 Nd6 18. Be2 Nc6 19. Kh1 Nxb5 20. axb5
Nxd4 21. Bxd4 Qxd4 {Gonzalez Velez,F-Magem Badals,J/Terrassa 1994/ 0-1 (44)})
10. f4 Na6 11. cxd5 Nxd5 {Mamedyarov with much higher rating is entertaining
hopes of playing for win. For that goal he is ready to accept some risk.} (
11... cxd5 12. Bd2 Qb6 13. Bf3 $11) 12. e4 Nb6 13. b3 (13. Be3 Nb4 14. Rc1 f5
$11) 13... Qd6 (13... f6 14. Nc4 f5 15. Be3 Nb4 $11) 14. Be3 f5 15. Rc1 (15. d5
$5 cxd5 16. Nb5 Qd8 17. Nd4 Qd6 18. Nxe6 (18. Nb5 $11) 18... Qxe6 19. Qd4 Nd7
20. exd5 Qd6 21. Qb2 Nb4 22. Bd4 Nxd5 23. Bc4 $11) 15... fxe4 16. Nxe4 (16.
Bxa6 Rxa6 17. Nxe4 Qd5 18. Nc5 Ra7 19. Nxe6 Qxe6 20. d5 cxd5 21. Qd4 Ra6 22.
Rc7 g5 23. Qc5 $13) 16... Qb4 (16... Qd5 17. Ng5 $14) 17. Ng5 $5 {Kosteniuk
feels the position quite well, but better than the risky text moves was the
direct tactical solution with surprizing swap of the knight on a6: 17.Bxa6!} (
17. Bxa6 $1 Bxe5 (17... Rxa6 18. Nc5 Nd5 19. Rf3 $16) (17... Bxb3 18. Qd3 Bxe5
19. Rb1 Bc4 20. Qc2 Bxf1 21. Rxb4 axb4 22. Bxb7 $18) 18. Bxb7 Nd5 (18... Bxb3
19. Qd2 Rab8 20. Bxc6 Bg7 21. Qxb4 axb4 22. Nc5 $16) 19. Bf2 Qxb7 20. Nc5 Qb4
21. fxe5 $16) 17... Bxb3 18. Qd3 (18. Qd2 Nd5 $17) 18... Bxe5 $2 {[%mdl 16384]
White knights in the center were a bit scary, but exchange of the only light
piece around black king is going too far.} (18... Qxa4 19. Ra1 Qb5 $15) 19.
fxe5 (19. Rb1 $1 Bc4 (19... Ba2 20. Rxb4 Nxb4 21. Qd2 Bg7 22. Bg4 $14) 20. Qc2
Bxe2 21. Rxb4 Nxb4 22. Qxe2 Bg7 23. Ne6 $14) 19... Rxf1+ (19... Qxa4 $6 20. Bf2
$1 Rf5 (20... Bd5 21. Qh3 h5 22. Bxh5 $18) 21. Ra1 Qb4 22. Be1 Rxf1+ 23. Bxf1
Qc4 24. Qh3 Qxd4+ 25. Bf2 Qxa1 26. Qxh7+ Kf8 27. Qh6+ Ke8 28. Qxg6+ Kd7 29. e6+
Kd6 30. Nf7+ Kc7 31. Bg3+ $18) 20. Rxf1 (20. Bxf1 Qxa4 $17) 20... Qc4 (20...
Qxa4 21. Qe4 Nb4 22. Qh4 h5 23. Bxh5 $18) 21. Qd2 $6 {The lady will attack and
thus she ignores perfect chance to go for the promising endgame after the
simple 21.Rb1!} (21. Rb1 $1 Qxd3 22. Bxd3 Bc4 23. Rxb6 Bxd3 24. Rxb7 Rf8 25.
Nf3 $16) 21... Qc2 22. Qe1 Rf8 (22... Bc4 23. Qh4 h5 24. Bxc4+ Nxc4 25. Qh3
Nxe3 26. Qxe3 Rf8 $11) 23. Rxf8+ Kxf8 24. Nxh7+ Ke8 25. Qf1 (25. Ng5 Nd5 26.
Bd2 Nab4 27. e6 $13) 25... Qe4 (25... Qf5 26. Bxa6 bxa6 27. Qe1 (27. Qxa6 $2
Bc4 $19) 27... Qd3 $15) 26. Bg5 $2 {Aggressive and wrong, chances for both
sides were still open after the correct retreat 26.Bf2.} (26. Bf2 Nb4 27. Ng5
Qf5 (27... Qf4 28. h4 Bxa4 29. Ne6 $14) 28. Nf3 Bxa4 29. Nh4 $13) 26... Qxd4+
27. Kh1 Nd7 28. Bd3 (28. e6 Bxe6 29. Bd3 Qg7 $19) 28... Nac5 $1 (28... Nxe5 29.
Qf8+ Kd7 30. Qxe7+ Kc8 31. Bf1 $15) 29. Bxg6+ Kd8 30. Qe1 (30. h4 Ne4 31. Bxe4
Qxe4 32. Nf8 Nxe5 $19) 30... b6 31. h4 (31. Be3 Qd1 32. Qxd1 Bxd1 33. Ng5 Nxe5
34. Bxc5 bxc5 $17) 31... Bd5 {Black pieces are now dominating the board.} (
31... Nxe5 32. Bh5 Ncd3 $19) 32. e6 Nxe6 33. Be3 $2 (33. Bf5 Nxg5 34. Nxg5 Nc5
35. Qg3 e5 $19) 33... Qg4 0-1

[Event "Corus-B"]
[Site "Wijk aan Zee"]
[Date "2005.01.21"]
[Round "6"]
[White "Smeets, Jan"]
[Black "Kosteniuk, Alexandra"]
[Result "1/2-1/2"]
[WhiteElo "2475"]
[BlackElo "2490"]
[PlyCount "122"]
[EventDate "2005.01.15"]
[EventType "tourn"]
[EventRounds "13"]
[EventCountry "NED"]
[EventCategory "13"]
[SourceTitle "CBM 105"]
[Source "ChessBase"]
[SourceDate "2005.04.11"]
[SourceVersion "1"]
[SourceVersionDate "2005.04.11"]
[SourceQuality "1"]

1. e4 c5 2. Nf3 d6 3. d4 cxd4 4. Nxd4 Nf6 5. Nc3 Nc6 6. Bc4 e6 7. Be3 a6 8. Qe2
Na5 9. Bd3 b5 10. b4 Nc4 11. Bxc4 bxc4 12. Qxc4 Bb7 13. O-O Rc8 14. Qd3 d5 15.
e5 Nd7 16. Bf4 Bxb4 17. Nce2 Rc4 18. Rab1 Qc7 19. Nf5 exf5 20. e6 Ne5 21. exf7+
Kf8 22. Qxf5 Bd6 23. Rxb7 Qxb7 24. Bxe5 Bxe5 25. Qxe5 Re4 26. Qg5 Qxf7 27. Nc3
Re8 28. Nxd5 h5 29. c4 Rh6 30. Qd2 Kg8 31. h3 Rhe6 32. Ne3 Rb8 33. Rc1 Reb6 34.
Nd5 Rb2 35. Rc2 Rxc2 36. Qxc2 Qe6 37. Kh2 h4 38. a4 Re8 39. Ne3 Qe4 40. Qd1
Qe5+ 41. Kg1 Rb8 42. Qd3 Rf8 43. Ng4 Qf5 44. Qd4 Re8 45. Ne3 Qb1+ 46. Kh2 Qe4
47. Qd7 Qe5+ 48. Kg1 Rb8 49. Qd3 Kh8 50. Ng4 Qe8 51. Qf5 Rb6 52. c5 Re6 53. Kh2
Kg8 54. f4 Qg6 55. Qd5 Qe4 56. Qd8+ Re8 57. Qg5 Rf8 58. f5 Qd5 59. Qg6 Qb7 60.
f6 Qc7+ 61. Kh1 Rd8 1/2-1/2

[Event "Corus-B"]
[Site "Wijk aan Zee"]
[Date "2005.01.23"]
[Round "8"]
[White "Ramirez Alvarez, Alejandro"]
[Black "Kosteniuk, Alexandra"]
[Result "0-1"]
[WhiteElo "2507"]
[BlackElo "2490"]
[PlyCount "135"]
[EventDate "2005.01.15"]
[EventType "tourn"]
[EventRounds "13"]
[EventCountry "NED"]
[EventCategory "13"]
[SourceTitle "CBM 105"]
[Source "ChessBase"]
[SourceDate "2005.04.11"]
[SourceVersion "1"]
[SourceVersionDate "2005.04.11"]
[SourceQuality "1"]

1. d4 d5 2. c4 e6 3. Nc3 c6 4. Nf3 dxc4 5. g3 Nf6 6. Ne5 Nbd7 7. Nxc4 b5 8. Ne3
Qb6 9. Bg2 Bb7 10. O-O Be7 11. a4 O-O 12. a5 Qa6 13. Qc2 Rac8 14. Rd1 Rfd8 15.
Bd2 b4 16. Ne4 c5 17. Nxf6+ Nxf6 18. Bxb7 Qxb7 19. a6 Qb5 20. dxc5 Bxc5 21. Qc4
Qb6 22. Qf4 Bd4 23. Be1 h6 24. Ra4 e5 25. Qf5 Bxe3 26. fxe3 Qxe3+ 27. Kf1 Qb6
28. Rxb4 Qc6 29. Rxd8+ Rxd8 30. Qf3 e4 31. Qb3 e3 32. Qxe3 Nd5 33. Qd4 Re8 34.
Rb3 Qe6 35. Qd3 Ne3+ 36. Qxe3 Qxe3 37. Rxe3 Rxe3 38. Bf2 Re6 39. Bxa7 Rxa6 40.
Bd4 Ra4 41. e3 g5 42. h4 gxh4 43. gxh4 Kh7 44. Kf2 Kg6 45. Kf3 Kh5 46. Bf6 Ra6
47. Be7 Re6 48. Bd8 Rd6 49. Be7 Re6 50. Bd8 Re8 51. Bf6 Kg6 52. Bd4 Kf5 53. b4
Re4 54. Kg3 Rg4+ 55. Kh3 h5 56. b5 Ke6 57. b6 Kd6 58. Bf6 Kc6 59. Bd8 Re4 60.
Kg3 Rxe3+ 61. Kf4 Rd3 62. Bc7 Rd5 63. Ke4 Rb5 64. Kf4 Kd7 65. Ke4 Rb4+ 66. Kd5
Rxh4 67. Bd6 Rd4+ 68. Kxd4 0-1

[Event "Corus-B"]
[Site "Wijk aan Zee"]
[Date "2005.01.26"]
[Round "10"]
[White "Kosteniuk, Alexandra"]
[Black "Nielsen, Peter Heine"]
[Result "1/2-1/2"]
[WhiteElo "2490"]
[BlackElo "2648"]
[PlyCount "111"]
[EventDate "2005.01.15"]
[EventType "tourn"]
[EventRounds "13"]
[EventCountry "NED"]
[EventCategory "13"]
[SourceTitle "CBM 105"]
[Source "ChessBase"]
[SourceDate "2005.04.11"]
[SourceVersion "1"]
[SourceVersionDate "2005.04.11"]
[SourceQuality "1"]

1. e4 e5 2. Nf3 Nc6 3. Bb5 Nf6 4. O-O Nxe4 5. d4 Nd6 6. Bxc6 dxc6 7. dxe5 Nf5
8. Qxd8+ Kxd8 9. Nc3 Ne7 10. Ne4 Ng6 11. h3 Bd7 12. b3 Kc8 13. Bb2 h6 14. Rad1
a5 15. Rd2 Bb4 16. c3 Be7 17. Rfd1 Rd8 18. c4 Nf4 19. Kh2 a4 20. g4 Ne6 21. Kg3
Bb4 22. Rd3 axb3 23. axb3 c5 24. Nc3 Bxc3 25. Bxc3 Ra3 26. Nd2 g5 27. Ne4 b6
28. Bb2 Ra2 29. Rb1 Bc6 30. Rxd8+ Kxd8 31. Nc3 Ra8 32. Rd1+ Ke8 33. Ne2 Be4 34.
Rd2 Rd8 35. Rxd8+ Kxd8 36. h4 Bc2 37. Nc1 Nf4 38. h5 Ke7 39. f3 Ke6 40. Ba1 c6
41. Kf2 b5 42. Ke3 Bd1 43. Kf2 b4 44. Ke3 Kd7 45. Kf2 Ke7 46. Kg3 Kd7 47. Kf2
Ke6 48. Ke3 Ng2+ 49. Kf2 Nh4 50. Nd3 Bxf3 51. Nxc5+ Ke7 52. Kg3 Bd1 53. Na6
Bxb3 54. Nxb4 Bxc4 55. Nxc6+ Kf8 56. Nd4 1/2-1/2

[Event "Corus-B"]
[Site "Wijk aan Zee"]
[Date "2005.01.28"]
[Round "11"]
[White "Karjakin, Sergey"]
[Black "Kosteniuk, Alexandra"]
[Result "1-0"]
[WhiteElo "2599"]
[BlackElo "2490"]
[Annotator "Lukacs,P"]
[PlyCount "69"]
[EventDate "2005.01.15"]
[EventType "tourn"]
[EventRounds "13"]
[EventCountry "NED"]
[EventCategory "13"]
[SourceTitle "CBM 105"]
[Source "ChessBase"]
[SourceDate "2005.04.11"]
[SourceVersion "1"]
[SourceVersionDate "2005.04.11"]
[SourceQuality "1"]

1. e4 e5 2. Bc4 Nf6 3. d3 Nc6 4. Nc3 (4. Nf3 {leads to the Italian Game.}) 4...
Bb4 {/\ d5 and a quick mobilization of the pieces.} (4... Na5) 5. Nge2 (5. Nf3)
5... d5 6. exd5 Nxd5 7. O-O $1 {This is the logical way solving the pin.} (7.
Bxd5 {is an unecessary exchange giving up the ^^.} Qxd5 8. O-O Qd8 9. f4 exf4
10. Bxf4 (10. Nxf4 O-O 11. Ncd5 Ba5 12. Qh5 f6 13. Be3 Ne5 14. Bc5 Rf7 15. h3
b6 16. Bf2 Bb7 $15 {Leipzig-Berlin, corr 1893}) 10... O-O 11. Qe1 Ne7 12. Qf2
Bg4 13. a3 Bxe2 14. Nxe2 Bd6 15. Rae1 Bxf4 16. Nxf4 Qd7 17. Re4 Ng6 $11 {
Balashov-Nunn, Dortmund 1988}) (7. Bd2 {is too quiet.} Be6 8. Nxd5 Bxd5 9. Bxd5
Qxd5 $11) (7. a3 {doesn't look frightening either.} Nxc3 8. Nxc3 Bd6 9. Ne4 Bf5
10. Be3 Qe7 11. Qf3 Be6 12. Bg5 Nd4 $11 {Nei-Romanovsky, SU 1956}) 7... Be6 8.
Bxd5 (8. Bb3 {allows Black to finish the development without any trouble.} O-O
9. Ne4 Be7 10. d4 exd4 11. Nxd4 Nxd4 12. Qxd4 Nb4 13. Qc3 Bxb3 14. Qxb3 Qd5 $11
{Gufeld-Zhukhovitsky, SU ch 1969}) (8. Nxd5 Bxd5 9. Bxd5 Qxd5 {These mass
exchanges help only for Black, his Q controls the [+] undisturbed.} 10. a3 (10.
Ng3 O-O 11. Kh1 Rad8 12. f4 Rfe8 13. Qg4 Kh8 14. f5 f6 15. Ne4 Nd4 16. Qd1 Bf8
17. Be3 Nb5 18. Qh5 Nd6 $11 {Stempin-Pedzich, Warsaw 1990}) 10... Be7 11. f4 {
(Pietzsch-Kostro, Polanicza Zdroj 1968)} O-O $11) (8. Ne4 Be7 9. Bb3 (9. c3 $6
{is again very slow.} f5 {Black grabs the |^ in the [+].} 10. Qb3 Na5 11. Qa4+
c6 12. Bxd5 Bxd5 13. N4g3 b5 14. Qc2 O-O 15. f4 exf4 16. Nxf4 g6 $15 {
Spielman-Euwe, Wiesbaden 1925}) (9. f4 exf4 10. Bxd5 (10. Nxf4 $2 {loses
material after} Nxf4 11. Bxf4 Qd4+ 12. Kh1 Bxc4 {0-1 Mariotti-Tatai, ITA-ch
1977}) 10... Bxd5 11. Bxf4 Bxe4 12. dxe4 O-O 13. Qe1 Bf6 14. Qg3 Qe7 $17 {
Mamatow-Podgaets, SU 1977}) 9... O-O $11) 8... Bxd5 9. f4 $1 {This is White's
main idea.} (9. Nxd5 Qxd5 {- 8.Nxd5}) 9... O-O (9... exf4 10. Nxf4 {and the d5
B is in a small trouble.} Bxc3 11. bxc3 O-O 12. Qh5 f5 13. Ba3 {1/2-1/2
Roeder-Galdunts, Bad Wildbad 1991}) 10. f5 $1 {White gains space on the >>
with direct attacking threats.} (10. fxe5 {is completely worthless.} Nxe5 11.
Bf4 Re8 $5 (11... Ng6 $11) 12. Qd2 (12. d4 $6 {pushes it too hard, already
White has to play carefully.} Nc4 13. Bxc7 Qd7 14. Bf4 Nxb2 15. Qb1 Bxc3 16.
Nxc3 Nc4 $15 {Honfi-Melts, corr 1984-89}) 12... Ng6 $15) 10... Bxc3 $5 (10...
Re8 $6 {allows the devastating} 11. f6 $5 $40) (10... f6 {is critical, now
White has to build up a stronghold on e4.} 11. Nxd5 {exchanging the dangerous
B looks logical, White can put only one N on e4 anyway.} (11. a3 Bc5+ 12. Kh1
Nd4 13. Ng3 $1 b5 14. Be3 c6 15. Nce4 Bb6 16. Rc1 Bf7 17. Qg4 $36 {with good
attacking chances on the >>, Mitkov-Rodriguez Lopez, Mondariz 1998.}) (11. Ng3
Bf7 12. Nce4 {The position has some similarity with the Ruy Lopez 6.Bxc6
variation.} (12. Be3 {White has to keep this B for the >> ->.} Ba5 {/\ Bb6} 13.
Kh1 Bb6 14. Bd2 a5 15. a3 Nd4 16. Rc1 Qe7 17. Nce4 $13 {Mitkov-Motwani,
Yerevan 1996}) 12... Kh8 (12... Be7 13. Qg4 Kh8 14. Kh1 Qe8 15. Be3 b6 16. Qh4
Rd8 17. Rf3 Nb4 $132 {1/2-1/2 Mitkov-Norri, Pula 1997}) 13. a3 Ba5 14. Kh1 Nd4
15. Be3 Bb6 16. Rc1 a5 17. Qg4 a4 {White's pieces look nice but it is not easy
to continue the -> on the >>.} 18. Rf2 Qd7 19. Re1 Qc6 20. Nc3 Rfd8 21. Nge4
Ba5 22. Bc1 Rd7 23. Re3 b5 24. Rg3 {1/2-1/2 Mitkov-Norri, Pula 1997}) 11...
Qxd5 12. Ng3 Rf7 13. Ne4 Bf8 14. Be3 b6 15. Qh5 Bc5 16. Bxc5 bxc5 17. b3 $14 {
1/2-1/2 Kosteniuk-Shchekachev, Moscow 2000}) 11. bxc3 (11. Nxc3 f6 12. Be3 Nd4
13. Rf2 $11) 11... f6 12. Ng3 Qd7 (12... Kh8 13. Qg4 Qd7 14. Be3 $14 (14. Ne4
b6 15. Qh4 Ne7 $132 {Dragicevic-Rogers, Canberra 2004})) 13. Be3 {Because of
the ^- White has some pressure on the >>.} Ne7 (13... Rad8 14. Qg4 $14 (14. c4
Bf7 15. Ne4 Nd4 16. Qg4 Bg6)) 14. c4 Bc6 (14... Bf7 15. Qg4 $14) 15. Qg4 Kh8
16. Rae1 $14 b6 {It is not easy to find a clear-cut counterplay for Black.} 17.
Re2 Rf7 18. Qh5 Nc8 {/\ Nd6} 19. c5 $5 Rf8 20. Ne4 Qf7 21. Qh4 $5 {White wants
to complicate matters and avoids the exchange of Q.} (21. Qxf7 Rxf7 22. g4 Ne7
$13 {and the _|_ is not difficult for Black.}) 21... Qxa2 22. g4 {White has
sacrificed a P, but now begins a direct assault against the black K.} Ne7 $6 (
22... Bxe4 23. dxe4 Qc4 24. Rg2 Qxe4 25. Rg3 {Now Black has two extra pawns,
but White's threats on the >> cannot be underestimated.} Kg8 26. Rh3 h6 27.
Bxh6 $1 gxh6 28. Qxh6 Kf7 {The K has to run!} (28... Qd4+ $2 29. Rf2 Qd1+ 30.
Kg2 Kf7 31. Qh5+ Ke7 32. Rd3) 29. Qg6+ (29. Qh5+ $2 Ke7) 29... Ke7 30. Rh7+ Kd8
31. Rd1+ Nd6 32. Qg7 Qe3+ $11 {and draw by perpetual checks.}) 23. g5 $1 fxg5
$6 {The opening of the position clearly favours White.} (23... Bxe4 $6 24. dxe4
fxg5 25. Bxg5 Qc4 26. f6 $1 {White's -> comes first!} Rg8 (26... Ng6 27. fxg7+
Kxg7 28. Bf6+ Kg8 29. Rg2 $16) (26... Qf7 27. Rg2 $16) (26... Qxe2 27. fxg7+
Kxg7 28. Qh6+ Kg8 29. Qe6+ Kh8 30. Qxe5+ Kg8 31. Qe6+ Kh8 32. Bf6+ Rxf6 33.
Qxf6+ Kg8 34. Qxe7 $40) 27. Rg2 Ng6 28. Qf2 $36) (23... Qg8 $5 {was the
persistant defence.} 24. gxf6 (24. Rg2 fxg5 25. Rxg5 Nd5) (24. Ref2 Nd5 $17)
24... gxf6+ 25. Rg2 Qf7 26. Rg3 Bxe4 27. dxe4 Rg8 $13) 24. Nxg5 Qg8 (24... h6 {
founders on the devastating} 25. f6 $1 Ng8 26. fxg7+ Kxg7 27. Nf3 $1 $14) 25.
Ref2 Bd7 $2 {[#] Now White gets the upper hand.} ({and still} 25... Nd5 $1 {
was playable!}) 26. Nxh7 $1 Qxh7 27. Qxe7 Bxf5 28. Qg5 $1 {The ^- helps
usually for the attacking party.} (28. Qxe5 {allows Black to exchange queens
and liquidate to a slightly worse _|_.} Qg6+ (28... Rae8 29. Rxf5) 29. Qg3
Qxg3+ 30. hxg3 Rfe8 $14) 28... g6 29. h4 $1 {White calls for the last reserves!
} Rae8 (29... Rf7 30. h5 $1 Rg8 31. h6) 30. d4 $6 (30. h5 $142 {was the
logical follow-up.} Re6 31. Rh2 Kg7 32. Rg2 $16) 30... bxc5 $6 {Now White has
again chances to open up the long /^.} (30... Qe7 $1 31. Qh6+ Qh7 {with
exchange of Q.}) 31. dxe5 Rf7 (31... Rxe5 {opens the /^ for the enemy B.} 32.
Bc1 $1 Rb8 33. Bd2 $16) 32. h5 Re6 $2 {This loses without a fight.} (32... Qg7
33. hxg6 Bxg6 34. Rf6 $16) 33. Bxc5 Qg7 34. Rh2 Qh7 35. Qd8+ 1-0

[Event "Corus-B"]
[Site "Wijk aan Zee"]
[Date "2005.01.29"]
[Round "12"]
[White "Kosteniuk, Alexandra"]
[Black "Ernst, Sipke"]
[Result "1/2-1/2"]
[WhiteElo "2490"]
[BlackElo "2509"]
[PlyCount "71"]
[EventDate "2005.01.15"]
[EventType "tourn"]
[EventRounds "13"]
[EventCountry "NED"]
[EventCategory "13"]
[SourceTitle "CBM 105"]
[Source "ChessBase"]
[SourceDate "2005.04.11"]
[SourceVersion "1"]
[SourceVersionDate "2005.04.11"]
[SourceQuality "1"]

1. e4 e5 2. Nf3 Nc6 3. Bb5 a6 4. Ba4 Nf6 5. O-O Nxe4 6. d4 b5 7. Bb3 d5 8. dxe5
Be6 9. Be3 Be7 10. c3 O-O 11. Nbd2 Bg4 12. Nxe4 dxe4 13. Qd5 Qxd5 14. Bxd5 exf3
15. Bxc6 fxg2 16. Kxg2 Rab8 17. b4 f6 18. f4 Rbd8 19. h3 Be2 20. Rfe1 Bc4 21.
a4 fxe5 22. fxe5 bxa4 23. Bd4 Bb5 24. Bxb5 axb5 25. Re4 c6 26. e6 Rd5 27. h4
Rdf5 28. Rd1 Rd8 29. Rg4 g6 30. Rh1 Rdd5 31. Rc1 Rd8 32. c4 Bxb4 33. cxb5 c5
34. Bc3 Bxc3 35. Rxc3 Re8 36. Re3 1/2-1/2

[Event "Moscow Aeroflot op-A"]
[Site "Moscow"]
[Date "2005.02.15"]
[Round "1"]
[White "Kosteniuk, Alexandra"]
[Black "Karjakin, Sergey"]
[Result "1/2-1/2"]
[WhiteElo "2490"]
[BlackElo "2599"]
[PlyCount "88"]
[EventDate "2005.02.15"]
[EventType "swiss"]
[EventRounds "9"]
[EventCountry "RUS"]
[SourceTitle "CBM 106"]
[Source "ChessBase"]
[SourceDate "2005.06.06"]
[SourceVersion "1"]
[SourceVersionDate "2005.06.06"]
[SourceQuality "1"]

1. e4 e5 2. Nf3 Nc6 3. Bb5 a6 4. Ba4 Nf6 5. O-O Bc5 6. c3 b5 7. Bb3 d6 8. a4
Rb8 9. d4 Bb6 10. axb5 axb5 11. Na3 O-O 12. Nxb5 Bg4 13. Ra3 h6 14. Re1 Bxf3
15. gxf3 Nh5 16. Kh1 Qf6 17. Rg1 Ne7 18. Be3 c6 19. dxe5 dxe5 20. Nd6 Bxe3 21.
fxe3 Rbd8 22. f4 Nxf4 23. exf4 Rxd6 24. Qg4 Ng6 25. f5 Nf4 26. Bc4 Kh8 27. Ra6
g6 28. b4 h5 29. Qg3 Qd8 30. Qe3 Rd2 31. Ra2 Rxa2 32. Bxa2 Qf6 33. Rd1 gxf5 34.
exf5 Rg8 35. Bb1 Rg2 36. Rd2 Rxd2 37. Qxd2 Qh4 38. Be4 Nd5 39. Bxd5 cxd5 40.
Qh6+ Kg8 41. f6 Qe4+ 42. Kg1 Qb1+ 43. Kg2 Qc2+ 44. Kg1 Qb1+ 1/2-1/2

[Event "Moscow Aeroflot op-A"]
[Site "Moscow"]
[Date "2005.02.16"]
[Round "2"]
[White "Izoria, Zviad"]
[Black "Kosteniuk, Alexandra"]
[Result "1-0"]
[WhiteElo "2607"]
[BlackElo "2490"]
[PlyCount "87"]
[EventDate "2005.02.15"]
[EventType "swiss"]
[EventRounds "9"]
[EventCountry "RUS"]
[SourceTitle "CBM 106"]
[Source "ChessBase"]
[SourceDate "2005.06.06"]
[SourceVersion "1"]
[SourceVersionDate "2005.06.06"]
[SourceQuality "1"]

1. c4 e5 2. g3 Nc6 3. Bg2 g6 4. Nc3 Bg7 5. d3 d6 6. Rb1 f5 7. b4 Nf6 8. b5 Ne7
9. Qb3 h6 10. e3 O-O 11. Nge2 Rb8 12. O-O Be6 13. d4 e4 14. d5 Bf7 15. f3 exf3
16. Bxf3 Nd7 17. Nd4 Nc5 18. Qc2 Qd7 19. Bb2 Rbe8 20. Rbe1 Kh7 21. Nb3 Nc8 22.
Nd1 Bxb2 23. Nxb2 Ne4 24. Nd3 Qe7 25. Na5 a6 26. bxa6 bxa6 27. Nc6 Qg5 28. Bxe4
fxe4 29. Nf2 Bg8 30. Kg2 Nb6 31. Nxe4 Rxe4 32. Qxe4 Nxc4 33. Qe7+ Qxe7 34. Nxe7
Re8 35. Nxg8 Kxg8 36. e4 Nb6 37. h4 Nd7 38. Re2 Nc5 39. Rc1 Re5 40. Kf3 Kf7 41.
Rec2 h5 42. Rxc5 dxc5 43. Rxc5 Re7 44. Ra5 1-0

[Event "Moscow Aeroflot op-A"]
[Site "Moscow"]
[Date "2005.02.17"]
[Round "3"]
[White "Kosteniuk, Alexandra"]
[Black "Al Modiahki, Mohamad"]
[Result "1-0"]
[WhiteElo "2490"]
[BlackElo "2581"]
[PlyCount "63"]
[EventDate "2005.02.15"]
[EventType "swiss"]
[EventRounds "9"]
[EventCountry "RUS"]
[SourceTitle "CBM 106"]
[Source "ChessBase"]
[SourceDate "2005.06.06"]
[SourceVersion "1"]
[SourceVersionDate "2005.06.06"]
[SourceQuality "1"]

1. e4 c5 2. Nf3 e6 3. d4 cxd4 4. Nxd4 Nf6 5. Nc3 d6 6. g4 h6 7. Rg1 Nc6 8. h4
h5 9. g5 Ng4 10. Nxc6 bxc6 11. Be2 Qb6 12. Bxg4 hxg4 13. Qxg4 g6 14. b3 Bg7 15.
Bb2 Qc5 16. Rg3 e5 17. Qe2 Rxh4 18. O-O-O Rh2 19. Re3 Bf8 20. Qd2 Qa5 21. Rd3
Bg4 22. Rg1 Bh5 23. Kb1 O-O-O 24. Rf1 Rg2 25. Qe3 Kb8 26. f4 exf4 27. Qxf4 Qxg5
28. Qxf7 Qe7 29. Qc4 Qc7 30. Bc1 g5 31. Qe6 Qd7 32. Qxd7 1-0

[Event "Moscow Aeroflot op-A"]
[Site "Moscow"]
[Date "2005.02.18"]
[Round "4"]
[White "Gyimesi, Zoltan"]
[Black "Kosteniuk, Alexandra"]
[Result "1/2-1/2"]
[WhiteElo "2602"]
[BlackElo "2490"]
[PlyCount "109"]
[EventDate "2005.02.15"]
[EventType "swiss"]
[EventRounds "9"]
[EventCountry "RUS"]
[SourceTitle "CBM 106"]
[Source "ChessBase"]
[SourceDate "2005.06.06"]
[SourceVersion "1"]
[SourceVersionDate "2005.06.06"]
[SourceQuality "1"]

1. d4 d5 2. c4 e6 3. Nc3 c6 4. Nf3 dxc4 5. Bg5 Qc7 6. g3 Nd7 7. Bg2 Ngf6 8. Nd2
Nb6 9. Bxf6 gxf6 10. O-O Bg7 11. e3 e5 12. d5 cxd5 13. Nxd5 Nxd5 14. Bxd5 Be6
15. Bxe6 fxe6 16. Qh5+ Qf7 17. Qxf7+ Kxf7 18. Nxc4 Rhd8 19. Rfc1 e4 20. Rc2 Rd7
21. Kf1 Ke7 22. Rac1 f5 23. Ke2 Rc8 24. Na5 Rxc2+ 25. Rxc2 b6 26. Nb3 Be5 27.
Nd2 Rc7 28. Rxc7+ Bxc7 29. f3 exf3+ 30. Nxf3 Kd6 31. Kd3 Kd5 32. Ng5 h6 33. e4+
fxe4+ 34. Nxe4 Be5 35. b3 b5 36. h3 h5 37. g4 hxg4 38. hxg4 Bg7 39. g5 Ke5 40.
g6 a5 41. Nc3 b4 42. Ne4 Kf5 43. Nc5 e5 44. Nb7 e4+ 45. Ke3 Bh6+ 46. Ke2 Kxg6
47. Nd6 Kf6 48. Nxe4+ Ke5 49. Nc5 Kd4 50. Nb7 Kc3 51. Nxa5 Kb2 52. Nc6 Bf8 53.
Kd3 Kxa2 54. Kc4 Ka3 55. Nd4 1/2-1/2

[Event "Moscow Aeroflot op-A"]
[Site "Moscow"]
[Date "2005.02.19"]
[Round "5"]
[White "Kosteniuk, Alexandra"]
[Black "Riazantsev, Alexander"]
[Result "0-1"]
[WhiteElo "2490"]
[BlackElo "2596"]
[PlyCount "76"]
[EventDate "2005.02.15"]
[EventType "swiss"]
[EventRounds "9"]
[EventCountry "RUS"]
[SourceTitle "CBM 106"]
[Source "ChessBase"]
[SourceDate "2005.06.06"]
[SourceVersion "1"]
[SourceVersionDate "2005.06.06"]
[SourceQuality "1"]

1. e4 e5 2. Nf3 Nc6 3. Bb5 a6 4. Ba4 Nf6 5. O-O b5 6. Bb3 Bb7 7. c3 Nxe4 8. Re1
Nc5 9. Nxe5 Nxe5 10. Rxe5+ Ne6 11. d4 Bd6 12. Re1 Qh4 13. g3 Qh3 14. d5 h5 15.
Qf3 h4 16. Nd2 hxg3 17. hxg3 f5 18. Qg2 O-O-O 19. Nf3 Nc5 20. Qxh3 Rxh3 21. Ng5
Rhh8 22. Rd1 Rdf8 23. Bc2 Rh5 24. b4 Ne6 25. Nxe6 dxe6 26. Bb3 f4 27. gxf4 exd5
28. Rd4 Rfh8 29. Kf1 Rh1+ 30. Ke2 Re8+ 31. Kd2 Rf1 32. Kc2 Re2+ 33. Kb1 Rexf2
34. Bd1 c5 35. bxc5 Bxc5 36. Bg4+ Kb8 37. Rd1 d4 38. Rxf1 Be4# 0-1